Euroopan kaupungit kirjaimittain - N - Statistics

Yleistilastot
  • Tätä visaa on pelattu 34 kertaa
  • Keskiarvotulos 9 / 18
Vastaukset kartalla
Vastauksille on annettu kartalla punavihreä väri sen mukaan, kuinka moni on saanut sen oikein.
 
Vastaustilastot
% Oikein
Suomi Naantali 20 129 60.468056 22.026389
96%
Italia Napoli 908 082 40.84 14.251667
96%
Ranska Nizza 357 737 43.703333 7.266389
86%
Saksa Nürnberg 529 508 49.45 11.083333
Naantali 60.468056 22.026389 4 naantali
Namur 50.45 4.85 4 namur
Nantes 47.218056 -1.552778 4 nantes
Napoli 40.84 14.251667 4 napoli
Narva 59.373611 28.186667 4 narva
Narvik 68.439167 17.427778 4 narvik
Newcastle 54.973889 -1.613333 4 newcastle
Nikšić 42.78 18.94 4 niksic
Niš 43.319167 21.896111 4 nis
Nizza 43.703333 7.266389 4 nizza
Nordkapp 70.978056 25.975 4 nordkapp
Norrköping 58.591944 16.185556 4 norrkoping
Norrtälje 59.766667 18.633333 4 norrtalje
Nottingham 52.95 -1.133333 4 nottingham
Nové Město 49.566667 16.083333 4 nove-mesto
Novi Sad 45.25 19.85 4 novi-sad
Nurmijärvi 60.4625 24.806944 4 nurmijarvi
Nürnberg 49.45 11.083333 4 nurnberg
79%
Suomi Nurmijärvi 45 048 60.4625 24.806944
75%
Viro Narva 52 495 59.373611 28.186667
68%
Iso-Britannia Newcastle upon Tyne 286 468 54.973889 -1.613333
68%
Ruotsi Norrköping 144 960 58.591944 16.185556
64%
Ranska Nantes 327 734 47.218056 -1.552778
57%
Iso-Britannia Nottingham 299 797 52.95 -1.133333
50%
Norja Narvik 21 591 68.439167 17.427778
46%
Serbia Novi Sad 260 438 45.25 19.85
43%
Norja Nordkapp 2 932 70.978056 25.975
39%
Ruotsi Norrtälje 66 585 59.766667 18.633333
39%
Serbia Niš 178 976 43.319167 21.896111
14%
Tšekki Nové Městona Moravě 19 296 49.566667 16.083333
7%
Belgia Namur 115 029 50.45 4.85
4%
Montenegro Nikšić 54 394 42.78 18.94
4%
Ehtoja vastaavia visoja ei löytynyt
Tulosjakauma
Jokaisen tuloksen saaneiden osuus
Persentiili vastausten määrän mukaan
Tuloshistoriasi
Et ole pelannut tätä visaa